Statistiques concernant Devinez le Pays Mystère #66

Cliquez ici pour prendre le quiz!

Statistiques générales

  • Ce quiz a été pris 225 fois
  • Le résultat moyen est 11 sur 17

Statistiques - réponses

Type de RéponseRéponse% Correct
Lettre TrouvéeE
97%
Lettre Bien PlacéeE
96%
Lettre TrouvéeI
96%
Lettre TrouvéeL
93%
Lettre TrouvéeO
91%
Lettre Bien PlacéeI
87%
Lettre TrouvéeN
87%
Lettre Bien PlacéeN
76%
Lettre TrouvéeÉ
73%
Lettre TrouvéeS
44%
Lettre TrouvéeV
42%
Lettre Bien PlacéeS
35%
Pays Mystère
Slovénie
34%
Lettre Bien PlacéeÉ
34%
Lettre Bien PlacéeL
34%
Lettre Bien PlacéeO
34%
Lettre Bien PlacéeV
34%

Distribution des résultats

Percentile par nombre de réponses

% des personnes avec chaque résultat

Votre développement - résultats

Vous n’avez pas pris ce quiz